000 01108nam a2200385 a 4500
003 AR-BaBNM
005 20251128203708.0
008 082120s2002 ||||||||||||||000 | spa||
020 _a950-9658-15-4
040 _cAR-BaBNM
100 1 _aVieytes de Iglesias, Martha
245 0 0 _aExperiencias de lectoescritura en el nivel inicial
260 _aBuenos Aires
_bActilibro
_c1992
300 _a330 p.
_bgráfs., il.
500 _aContiene anexos
500 _aContiene referencias bibliográficas
650 4 _aCUENTOS
650 4 _aDESARROLLO DEL LENGUAJE
650 4 _aPENSAMIENTO CREADOR
650 4 _aLECTURA
650 4 _aACTIVIDADES DE APRENDIZAJE
650 4 _aPOESIA
650 4 _aMETODOS DE ENSEÑANZA
650 4 _aMATERIAL DIDACTICO
650 4 _aTECNICAS DIDACTICAS
650 4 _aENSEÑANZA DE LA LECTURA
650 4 _aENSEÑANZA DE LA ESCRITURA
653 _aCONSTRUCTIVISMO
653 _aEDUCACION INICIAL
653 _aLECTOESCRITURA
653 _aEXPERIENCIAS EDUCATIVAS
700 1 _aLópez Blasig de Jaimes, Susana Graciela
942 _cBK
998 _cGrace
999 _c4522
_d4522